Equipos que han jugado en LaLiga - Estadísticas

Estadísticas generales
  • Esta prueba ha sido intentada 295 veces
  • La puntuación promedio es 12 de 17
Answers on the Grid
Answers color-coded by a green-red scale on the quiz's grid according to % correct below.
Sevilla
Eldense
Osasuna
Andorra
Oviedo
Real Sociedad
Real Murcia
Deportivo de La Coruña
Mirandés
Córdoba
Cartagena
Cultural Leonesa
Racing de Ferrol
Huesca
Ibiza
Almería
Barcelona
Antequera
Alcoyano
Alcorcon
Celta de Vigo
Recreativo de Huelva
Xerez
Cacereño
Real Madrid
Lugo
Amorebieta
Castellon
 
Estadísticas de respuestas
Respuesta % Correcto
Celta de Vigo
86%
Real Madrid
86%
Sevilla
86%
Osasuna
84%
Real Sociedad
84%
Deportivo de La Coruña
81%
Oviedo
81%
Barcelona
80%
Almería
78%
Córdoba
72%
Huesca
71%
Real Murcia
65%
Recreativo de Huelva
64%
Castellon
50%
Xerez
48%
Cultural Leonesa
39%
Alcoyano
27%
No se encontraron pruebas coincidentes
Distribución de puntuación
Porcentaje de gente con cada puntuación
Porcentaje por número respondido
Historial de tus puntuaciones
No has intentado esta prueba.